Loading...

People, places, things and ideas. /

Bibliographic Details
Language:Undetermined
Published: 1954.
Subjects:
LEADER 01434nam a2200193Ia 4500
001 4305
008 170722s9999 xx 000 0 und d
245 |a People, places, things and ideas. / 
260 |c 1954. 
500 |a 4V 
653 |a Generalia 
942 |c GEN 
999 |c 45105  |d 45105 
952 |0 0  |1 0  |4 0  |6 Z_J4_1CRJ4_11CRJ4_2CRJ4_21CRJ4_3CRJ4_4CR  |7 0  |9 62529  |a LIB  |b LIB  |d 2017-08-12  |o z J4.1(CR)-J4.1;1(CR),J4.2(CR)-J4.2;1(CR),J4.3(CR)-J4.4(CR)  |p 49011  |r 2017-08-12  |w 2017-08-12  |y GEN 
952 |0 0  |1 0  |4 0  |6 Z_J4_1CRJ4_11CRJ4_2CRJ4_21CRJ4_3CRJ4_4CR  |7 0  |9 62530  |a LIB  |b LIB  |d 2017-08-12  |o z J4.1(CR)-J4.1;1(CR),J4.2(CR)-J4.2;1(CR),J4.3(CR)-J4.4(CR)  |p 49012  |r 2017-08-12  |w 2017-08-12  |y GEN 
952 |0 1  |1 0  |4 0  |6 Z_J4_1CRJ4_11CRJ4_2CRJ4_21CRJ4_3CRJ4_4CR  |7 0  |9 62531  |a LIB  |b LIB  |d 2013-03-25  |o z J4.1(CR)-J4.1;1(CR),J4.2(CR)-J4.2;1(CR),J4.3(CR)-J4.4(CR)  |p 53322  |r 2017-08-12  |w 2017-08-12  |y GEN 
952 |0 1  |1 0  |4 0  |6 Z_J4_1CRJ4_11CRJ4_2CRJ4_21CRJ4_3CRJ4_4CR  |7 0  |9 62532  |a LIB  |b LIB  |d 2017-08-12  |o z J4.1(CR)-J4.1;1(CR),J4.2(CR)-J4.2;1(CR),J4.3(CR)-J4.4(CR)  |p 53323  |r 2017-08-12  |w 2017-08-12  |y GEN 
952 |0 1  |1 0  |4 0  |6 Z_J4_1CRJ4_11CRJ4_2CRJ4_21CRJ4_3CRJ4_4CR  |7 0  |9 62533  |a LIB  |b LIB  |d 2017-08-12  |o z J4.1(CR)-J4.1;1(CR),J4.2(CR)-J4.2;1(CR),J4.3(CR)-J4.4(CR)  |p 53324  |r 2017-08-12  |w 2017-08-12  |y GEN 
952 |0 1  |1 0  |4 0  |6 Z_J4_1CRJ4_11CRJ4_2CRJ4_21CRJ4_3CRJ4_4CR  |7 0  |9 62534  |a LIB  |b LIB  |d 2017-08-12  |o z J4.1(CR)-J4.1;1(CR),J4.2(CR)-J4.2;1(CR),J4.3(CR)-J4.4(CR)  |p 53325  |r 2017-08-12  |w 2017-08-12  |y GEN